The second sex Deuxième sexe
שמור ב:
| מחבר ראשי: | |
|---|---|
| פורמט: | ספר |
| שפה: | Undetermined |
| יצא לאור: |
New York
Alfred A. Knoff
1993
|
| נושאים: | |
| תגים: |
הוספת תג
אין תגיות, היה/י הראשונ/ה לתייג את הרשומה!
|
| Thư viện lưu trữ: | Trung tâm Học liệu Trường Đại học Cần Thơ |
|---|
| LEADER | 00532nam a2200205Ia 4500 | ||
|---|---|---|---|
| 001 | CTU_17929 | ||
| 008 | 210402s9999 xx 000 0 und d | ||
| 020 | |b Harvard-Yenching Institute | ||
| 082 | |a 305.4 | ||
| 082 | |b B386 | ||
| 100 | |a Simone de Beauvoir | ||
| 245 | 4 | |a The second sex | |
| 245 | 0 | |b Deuxième sexe | |
| 245 | 0 | |c Simone de Beauvoir | |
| 260 | |a New York | ||
| 260 | |b Alfred A. Knoff | ||
| 260 | |c 1993 | ||
| 650 | |a women | ||
| 904 | |i Minh, 970813 | ||
| 980 | |a Trung tâm Học liệu Trường Đại học Cần Thơ | ||